| 000 | 01051nam a2200217Ia 4500 | ||
|---|---|---|---|
| 999 |
_c39478 _d39478 |
||
| 001 | 6072 | ||
| 003 | GE_BSU | ||
| 005 | 20190918153900.0 | ||
| 008 | 181216s1981||||ge |||||||||||||| ||geo|| | ||
| 040 | _cGE_BSU | ||
| 041 | _ageo | ||
| 080 | _a94(479.22) ა-78 | ||
| 100 |
_aარდაშელია, ციალა _94092 |
||
| 245 |
_aდა მოლანდება ასი ათასი ნარკვევები საქართველოს ისტორიიდან / _cციალა არდაშელია ; რედ. ზ. ფირცხალაიშვილი. |
||
| 264 |
_aთბილისი : _bსაბჭოთა აჭარა ; _c1981. |
||
| 300 |
_a198 გვ. ; _c17 სმ. |
||
| 653 | _aდა მოლანდება ასი ათასი | ||
| 653 | _aნარკვევები საქართველოს ისტორიიდან | ||
| 700 |
_aფირცხალაიშვილი, ზ. _eრედაქტორი _93678 |
||
| 942 |
_cBK _2udc |
||